| 000 | 00354nam a22001577a 4500 | ||
|---|---|---|---|
| 003 | SGT | ||
| 020 | _a9780323847711 | ||
| 082 |
_a616.024 _bM24D |
||
| 100 | _aDOVER, ANNA R. | ||
| 245 | _aMACLEOD'S CLINICAL EXAMINATION | ||
| 250 | _a15TH | ||
| 260 |
_aLONDON _bELSEVIER PUB _c2024 |
||
| 300 | _a444 | ||
| 650 | _aGENERAL MEDICINE | ||
| 942 |
_2ddc _cBK |
||
| 999 |
_c30647 _d30647 |
||